000 00445nam a22001457a 4500
082 _aBESE-2 ALI
100 _aAlina Alam
_993034
245 _aOhana: A location based social application
260 _aIslamabad
_bNUST-SEECS
_c2015
300 _aPv.
_eSoftcopy present
500 _aSupervisors: Dr. Tahir Azim, Faisal Khan
700 _aAyesha Bilquees
_993035
856 _uhttp://10.250.8.41:8080/xmlui/handle/123456789/6861
942 _cPR
_2ddc
999 _c13303
_d13303